Joueurs les plus nominés au Ballon d'Or - Statistiques

Statistiques générales
  • Ce quiz a été pris 533 fois
  • Le résultat moyen est 8 sur 15
Statistiques - réponses
Hint Réponse % Correct
18 Cristiano Ronaldo
100%
15 Lionel Messi
100%
8 Zinédine Zidane
84%
9 Neymar
80%
11 Karim Benzema
68%
9 Thierry Henry
65%
11 Gianluigi Buffon
47%
12 Johan Cruyff
44%
13 Paolo Maldini
40%
11 Zlatan Ibrahimovic
35%
8 Iker Casillas
32%
9 Samuel Eto'o
28%
12 Franz Beckenbauer
23%
8 Didier Drogba
22%
8 Wayne Rooney
19%
Aucun quiz correspondant
Distribution des résultats
% des personnes avec chaque résultat
Percentile par nombre de réponses
Votre historique - résultats
Vous n’avez pas pris ce quiz